Otázky o NATO

Salvato in:
Dettagli Bibliografici
Autore principale: Mečiar, Vladimír
Natura: Libro
Lingua:slovacco
Pubblicazione: Nové Zámky CROCUS 2003
Soggetti:
Tags: Aggiungi Tag
Nessun Tag, puoi essere il primo ad aggiungerne!!

MARC

LEADER 00000nam$a2200000$$$4500
001 0024785
005 20221207102723.1
020 |a 80-88992-66-4 
041 0 |a slo 
044 |a SK 
245 1 0 |a Otázky o NATO  |c Vladimír Mečiar 
264 1 |a Nové Zámky  |b CROCUS  |c 2003 
300 |a 45 s. 
610 2 0 |a vojny 
610 2 0 |a konflikty medzinárodné 
610 2 0 |a armáda 
610 2 0 |a zbrane 
610 2 0 |a politika medzinárodná 
610 2 0 |a politika bezpečnostná 
610 2 0 |a obrana štátu 
610 2 0 |a organizácie medzinárodné 
610 2 0 |a štruktúra organizačná 
610 2 0 |a NATO 
100 1 |a Mečiar, Vladimír